| 000 | 00576cam a2200229 4500 | ||
|---|---|---|---|
| 001 | M83316 | ||
| 008 | 090401t1997 xxu||||| |||| 00| 0 eng d | ||
| 035 | _a(Sirsi) u77692 | ||
| 041 | _aeng | ||
| 050 | _a336.271 | ||
| 110 |
_aHM Customs and Excise _93095 |
||
| 245 | 2 | _aA general guide to landfill tax. | |
| 260 |
_aLondon _bH M Customs and Excise _c1997 |
||
| 300 | _a44p. ; 21cm. | ||
| 350 | _a0 | ||
| 490 |
_aHM Customs and Excise Notice _vLFT1 |
||
| 650 | _aLANDFILL TAX | ||
| 650 | _aWASTE DISPOSAL | ||
| 690 | _aTAXATION | ||
| 942 | _n0 | ||
| 948 | _c10/04/1997 | ||
| 999 |
_c96343 _d96343 |
||